[Event "?"]
[Site "?"]
[Date "2012.06.16"]
[Round "?"]
[White "Tomashevsky, Evgeny"]
[Black "Morozevich, Alexander"]
[Result "1-0"]
[WhiteElo "2738"]
[BlackElo "2769"]
[PlyCount "82"]
[EventDate "2012.??.??"]

{Kb2  Houdini Aquarium (0:00:35)  &lt;font color=red&gt;+2.35|d21&lt;/font&gt;
$18} 1. d4 Nf6 2. c4 g6 3. Nc3 Bg7 4. e4 d6 5. Nf3 O-O 6. h3 e5 7. d5 a5 8. g4
{?!} (8. Bd3 Na6 9. O-O b6 10. Be3 Nc5 11. a3 a4 12. Bc2 Bd7 13. Re1 Qe8 14.
Rc1 Qe7 15. Qe2 Rfe8 {&lt;font color=red&gt;+0.35|d22&lt;/font&gt;  $14}) 8...
Na6 9. Be3 Bd7 10. Nd2 Kh8 {N} (10... c6 11. Be2 Ne8 12. h4 cxd5 13. cxd5 Rb8
14. g5 b5 15. a4 Nec7 16. b3 Nc5 17. Bxc5 dxc5 18. d6 Ne8 19. Nxb5 Bxb5 20.
Bxb5 Nxd6 21. Bc6 {... 0-1, Lysyj Igor (RUS) 2500 - Szoen Dariusz (POL) 2450,
Pardubice (Czech Republic) 2005.07.30}) 11. Be2 Ng8 12. h4 f5 13. gxf5 {?!} (
13. f3 h5 14. exf5 gxf5 15. g5 Ne7 16. Qb3 f4 17. Bg1 b6 18. O-O-O Nf5 19. Kb1
Nc5 20. Qc2 Qe7 {&lt;font color=red&gt;+0.64|d21&lt;/font&gt;  $14}) 13... gxf5
14. exf5 Nc5 15. Nde4 Nxe4 16. Nxe4 Bxf5 17. Ng3 Bh6 18. Qd2 Bxe3 19. fxe3 Bd7
20. O-O-O Nf6 21. Rdf1 Qe7 22. Bd3 b6 23. Bc2 Rf7 24. Nf5 Bxf5 25. Rxf5 Raf8
26. Qg2 Ne8 27. Rh5 e4 28. Rg5 Rf2 29. Qg3 R2f3 {?!} (29... Qf6 30. Rg1 Rf1+
31. Bd1 Ng7 32. Qg4 Rxg1 33. Qxg1 Nf5 34. Qf2 Nh6 35. Qd2 Nf5 36. Rg4 Nxh4 37.
Rxe4 {&lt;font color=red&gt;+0.19|d21&lt;/font&gt;  $11}) 30. Qg2 (30. Qe1 Rg8
{&lt;font color=red&gt;+0.92|d22&lt;/font&gt;  $16}) 30... Qf6 {?!} (30... Rf2
31. Qg3 Qf6 32. Rg1 Ng7 33. Qg4 Rf1+ 34. Bd1 Rxg1 35. Qxg1 Nf5 36. Qf2 Nh6 37.
Qd2 Nf7 38. Rg4 {
Houdini Aquarium (0:00:39)  &lt;font color=red&gt;+0.52|d22&lt;/font&gt;  $14})
31. Rg1 Ng7 32. Rg4 Rf1+ 33. Rxf1 Qxf1+ 34. Qxf1 Rxf1+ 35. Kd2 Rf2+ 36. Kc3 Nf5
37. Rxe4 Kg7 38. Rg4+ Kh6 39. Bxf5 Rxf5 40. Re4 Rf7 41. b4 a4 {Z0} () 1-0

[Event "?"]
[Site "?"]
[Date "2012.06.16"]
[Round "?"]
[White "Nakamura, Hikaru"]
[Black "Carlsen, Magnus"]
[Result "1/2-1/2"]
[WhiteElo "2775"]
[BlackElo "2835"]
[PlyCount "86"]
[EventDate "2012.??.??"]

1. d4 Nf6 2. c4 e6 3. Nf3 d5 4. g3 Bb4+ 5. Bd2 Be7 6. Bg2 O-O 7. Qc2 c6 8. O-O
b6 9. Bf4 Bb7 10. Rd1 Nbd7 11. Nc3 dxc4 12. Nd2 Nd5 13. Nxc4 Nxf4 14. gxf4 Qc7
15. e3 Rad8 16. Rd2 Nf6 {N} (16... c5 17. d5 exd5 18. Bxd5 Nf6 19. Rad1 Nxd5
20. Nxd5 Bxd5 21. Rxd5 Rxd5 22. Rxd5 Rd8 23. Qd3 Rxd5 24. Qxd5 Qd8 25. Qb7 Qd1+
{1/2-1/2, Berkes Ferenc (HUN) 2706 - Wojtaszek Radoslaw (POL) 2704, Paks
(Hungary) 2011.06.24}) 17. Rad1 c5 18. d5 exd5 19. Nxd5 Nxd5 20. Bxd5 g6 21.
Ne5 Bxd5 22. Rxd5 Rxd5 23. Rxd5 Rd8 24. Qc4 Rxd5 25. Qxd5 Bf6 26. Nd7 Kg7 27.
b3 Bc3 28. a4 Qd8 29. Qd6 Bf6 30. Kf1 Qe7 31. Qd5 Bc3 32. Ke2 Qh4 33. Kd3 Ba1
34. Ne5 Bxe5 35. Qxe5+ Kh6 36. Qc7 Qxf2 37. Qxf7 Qf1+ 38. Ke4 Qb1+ 39. Kf3 Qh1+
40. Kg3 Qg1+ 41. Kf3 Qh1+ 42. Kg3 Qg1+ 43. Kf3 Qh1+ {Z0} ({Kg3} 43... Qe1 {
Kf3  Qd1+  Kf2  Qd2+  Kf3  Qxh2} 44. Qxa7 {Qh3+  Ke2  Qg2+  Kd3} Qf1+ {
Kc3  Qc1+  Houdini Aquarium (0:00:04)  &lt;font color=red&gt;+0.00|d27&lt;/
font&gt;  $11}) 1/2-1/2

[Event "?"]
[Site "?"]
[Date "2012.06.16"]
[Round "?"]
[White "McShane, Luke J"]
[Black "Kramnik, Vladimir"]
[Result "1-0"]
[WhiteElo "2706"]
[BlackElo "2801"]
[PlyCount "187"]
[EventDate "2012.??.??"]

1. e4 e5 2. Nf3 Nc6 3. Bb5 Nf6 4. O-O Nxe4 5. Re1 Nd6 6. Nxe5 Be7 7. Bf1 Nxe5
8. Rxe5 O-O 9. d4 Bf6 10. Re1 Re8 11. Bf4 Rxe1 12. Qxe1 Ne8 13. Nc3 Bxd4 14.
Nd5 d6 15. Bg5 Bf6 16. Nxf6+ Nxf6 17. Bxf6 gxf6 18. Qe4 {N} (18. Bd3 f5 19. Qe3
Be6 20. Qf3 c6 21. Bxf5 Bxf5 22. Qxf5 Qe7 23. Qg4+ Kf8 24. Qd4 f6 25. g3 d5 26.
Rd1 Re8 27. Qxa7 Qb4 {... 1/2-1/2, Najer Evgeniy (RUS) 2640 - Bacrot Etienne
(FRA) 2704, Plovdiv (Bulgaria) 2012.03.24}) 18... f5 19. Qe3 Be6 20. Qg3+ Kf8
21. Qc3 Ke7 22. Re1 Kd7 23. Bc4 Qh8 24. Bxe6+ fxe6 25. Qb3 Re8 26. Qxb7 Rb8 27.
Qxa7 Qxb2 28. Qa4+ Qb5 29. Qh4 Qa5 30. Qxh7+ Kc6 31. Rc1 Qxa2 32. Qh5 Qb2 33.
Qd1 Kd7 34. g3 e5 35. c4 Ke7 36. Qe1 Rb3 37. c5 d5 38. Rd1 c6 39. Qa5 Kd7 40.
Qa4 Rb5 41. Qh4 Rxc5 42. Qh7+ Kd6 43. Qg6+ Kc7 {?!} (43... Ke7 44. h4 e4 45.
Qh7+ Ke6 46. h5 Rc2 47. Rf1 Qf6 48. h6 Qg5 49. Qh8 Kf7 50. Rb1 Rc1+ 51. Rxc1 {
&lt;font color=red&gt;+0.04|d22&lt;/font&gt;  $11}) 44. Qxf5 e4 {?!} (44... d4
45. h4 Qc2 46. Qxc2 Rxc2 47. h5 Ra2 48. h6 Kd6 49. Kg2 c5 50. Kf3 c4 51. h7 Ra8
52. Ke4 {&lt;font color=red&gt;+0.41|d22&lt;/font&gt;  $14}) 45. h4 Rc3 46.
Qe5+ Kb7 47. h5 Rb3 {?!} (47... Rc2 48. Qe7+ {
&lt;font color=red&gt;+2.15|d19&lt;/font&gt;  $18}) 48. Qe7+ Kb6 49. Qd8+ {?!}
(49. h6 e3 50. fxe3 Qc2 51. Ra1 Kb5 52. Qb7+ {
&lt;font color=red&gt;+2.57|d20&lt;/font&gt;  $18}) 49... Kb7 {?} (49... Ka6
50. Qa8+ Kb6 51. Ra1 Kc5 52. Ra5+ Kd6 53. Qf8+ Ke6 54. Qe8+ Kd6 55. Qg6+ Ke5
56. Qg5+ Kd6 57. Qh6+ {&lt;font color=red&gt;+1.25|d19&lt;/font&gt;  $16}) 50.
Qd7+ {?} (50. h6 e3 51. Qe7+ Kb6 52. fxe3 Qc2 53. Ra1 Kb5 54. Qb7+ Kc5 55. Qc7
Rb1+ 56. Rxb1 Qxb1+ 57. Kh2 Qc2+ {
&lt;font color=red&gt;+2.61|d22&lt;/font&gt;  $18}) 50... Kb6 51. Qd8+ Kb7 52.
Qe7+ Kb6 53. Qe8 {?} (53. h6 e3 54. fxe3 Qc2 55. Ra1 Kb5 56. Qb7+ Kc5 57. Qc7
Rb1+ 58. Rxb1 Qxb1+ 59. Kg2 Qe4+ 60. Kh2 Qc2+ {
&lt;font color=red&gt;+2.39|d17&lt;/font&gt;  $18}) 53... Kb7 {?} (53... Kc7
54. h6 Qf6 55. h7 Rb2 56. Rf1 Rb8 57. h8=B Qxh8 58. Qe7+ Kc8 59. Qe6+ Kc7 60.
Rc1 Qe8 61. Qxd5 {&lt;font color=red&gt;+0.83|d21&lt;/font&gt;  $16}) 54. h6
Rf3 55. Qe7+ Ka6 56. Qc5 Kb7 57. Qe7+ Ka6 58. Qc5 Kb7 59. Rc1 {?!} (59. h7 Rf7
60. h8=Q Qxh8 61. Rb1+ Kc7 62. Qa7+ Kd6 63. Qxf7 e3 64. fxe3 Qc3 65. Qf8+ Ke6
66. Qh6+ Qf6 {&lt;font color=red&gt;+9.50|d20&lt;/font&gt;  $18}) 59... Rf6 60.
h7 Rh6 61. Kg2 {??} (61. Qe7+ {
&lt;font color=red&gt;+5.36|d22&lt;/font&gt;  $18}) 61... Qb3 {??} (61... Qf6
62. Qb4+ Kc8 63. Qa3 Kd7 64. Qa7+ Kc8 65. Qa8+ Kc7 66. Kg1 e3 67. Qa7+ Kc8 68.
fxe3 Qg6 69. Qa8+ {&lt;font color=red&gt;+0.77|d23&lt;/font&gt;  $16}) 62. Qe7+
Kb6 63. Qd8+ Kb7 64. Qd7+ Kb6 65. Rxc6+ Rxc6 66. Qd8+ Ka7 67. Qd7+ Kb6 68. Qd8+
{?!} (68. h8=Q Qf3+ 69. Kh2 Qxf2+ 70. Kh3 Qf1+ 71. Kh4 Qh1+ 72. Qh3 Qxh3+ 73.
Kxh3 Kc5 74. g4 Re6 75. Qc3+ Kd6 {
Houdini Aquarium (0:00:00)  &lt;font color=red&gt;+4.64|d19&lt;/font&gt;  $18})
68... Ka7 69. h8=Q Qf3+ 70. Kh3 {?!} (70. Kh2 Qxf2+ 71. Kh3 Qf1+ 72. Kh4 Qh1+
73. Kg5 Qxh8 74. Qxh8 Kb7 75. Qd4 Rd6 76. Qc5 Rd7 77. Kf6 e3 {
&lt;font color=red&gt;+7.77|d22&lt;/font&gt;  $18}) 70... Rh6+ 71. Qxh6 Qh1+
72. Kg4 Qxh6 73. Qxd5 Qf6 74. Qf5 Qd4 75. Qf4 Kb7 76. Kf5 Qd5+ 77. Qe5 Qf7+ 78.
Qf6 Qd5+ 79. Kf4 Qd2+ 80. Kxe4 {Mate in 32 (Nalimov TB)} Qe2+ 81. Kd5 Qa2+ 82.
Kd6 Qa3+ 83. Ke6 Qa2+ 84. Ke7 Qe2+ 85. Kf7 Qh5+ 86. Kg7 Qg4+ 87. Qg6 Qd4+ 88.
Qf6 Qg4+ 89. Kh6 Qe2 90. Kg5 Kc7 91. f4 Qf3 92. Qe5+ Kd7 93. f5 Qf1 94. f6 1-0

[Event "?"]
[Site "?"]
[Date "2012.06.16"]
[Round "?"]
[White "Radjabov, Teimour"]
[Black "Caruana, Fabiano"]
[Result "1/2-1/2"]
[WhiteElo "2784"]
[BlackElo "2770"]
[PlyCount "126"]
[EventDate "2012.??.??"]

1. d4 Nf6 2. c4 g6 3. Nc3 d5 4. cxd5 Nxd5 5. e4 Nxc3 6. bxc3 Bg7 7. Nf3 c5 8.
Rb1 O-O 9. Be2 cxd4 10. cxd4 Qa5+ 11. Qd2 Qxd2+ 12. Bxd2 Rd8 13. d5 Na6 14. Rc1
{N} (14. Bg5 Kf8 15. O-O Nc5 16. Nd2 b6 17. Rfc1 Bd7 18. Be3 Na4 19. Ba6 Bc8
20. Bf1 f5 21. f3 Bf6 22. Rb4 Bd7 23. Nc4 Bg7 24. e5 b5 {... 0-1, Yevseev
Denis (RUS) 2539 - Dvoirys Semen I (RUS) 2590, Novgorod (Russia) 1999}) 14...
f5 15. e5 h6 16. Bc4 Kh8 17. O-O g5 {?!} (17... Nc5 18. Be3 b6 19. Bxc5 bxc5
20. Rb1 Kh7 21. Rfc1 a6 22. Bb3 g5 23. Rxc5 g4 24. Nh4 Bxe5 25. Bc2 {
&lt;font color=red&gt;+0.77|d25&lt;/font&gt;  $16}) 18. Rfd1 f4 {?!} (18... Bd7
19. Bxa6 {&lt;font color=red&gt;+1.08|d22&lt;/font&gt;  $16}) 19. Bxa6 bxa6 20.
Ba5 Rg8 {?!} (20... Re8 21. Rc7 {
&lt;font color=red&gt;+1.95|d25&lt;/font&gt;  $16}) 21. e6 {?} (21. Rc7 Re8 22.
d6 exd6 23. exd6 Bf5 24. d7 Red8 25. Rb7 Kg8 26. Bxd8 Rxd8 27. Rxa7 Kf7 28.
Rxa6 Be6 {&lt;font color=red&gt;+3.21|d23&lt;/font&gt;  $18}) 21... Rb8 22. a4
Bb7 23. Rc7 g4 24. Nh4 Bf6 25. Nf5 Bxd5 26. Nxe7 Bxe7 27. Rxe7 Rg5 28. Bc7 Rb4
29. Re8+ {?} (29. g3 {&lt;font color=red&gt;+2.22|d22&lt;/font&gt;  $18}) 29...
Rg8 {?!} (29... Kh7 {&lt;font color=red&gt;+0.67|d19&lt;/font&gt;  $14}) 30.
Be5+ Kh7 31. Re7+ Kg6 32. Rxa7 {?!} (32. h4 Bb3 33. Re1 Bxa4 34. Rxa7 Rb6 35.
Bxf4 Re8 36. e7 Kf7 37. Bc7 Rf6 38. Bd8 Bc2 39. Ra1 Bd3 {
&lt;font color=red&gt;+1.29|d20&lt;/font&gt;  $16}) 32... Re4 33. Bxf4 Bb3 34.
Rb1 Bxa4 35. Be3 Bb5 36. e7 Re8 37. Bc5 Rc8 38. Be3 Re8 39. Rd1 h5 40. Rd5 h4
41. h3 gxh3 42. gxh3 R4xe7 43. Rxe7 Rxe7 44. Rg5+ Kf6 45. Rg4 Rh7 46. Bg5+ Kf7
47. Bxh4 Bd7 48. Rf4+ Kg8 49. Kh2 a5 50. Kg3 Rg7+ 51. Kh2 Rh7 52. Rd4 a4 53.
Rd3 a3 54. Bf6 a2 55. f4 Rf7 56. Be5 Rh7 57. Ra3 Be6 58. Kg2 Kf7 59. Ra7+ Kg8
60. Ra6 Bxh3+ 61. Kg3 Bd7 62. Rxa2 Rh3+ 63. Kg2 Rd3 {Z0} ({Ra7} 63... Bf5 64.
Kf2 Kf8 {Rg7  Ke8} 65. Ke2 {Rh3  Rc7} Bg4+ 66. Kd2 Bf5 67. Ra7 Be4 68. Bb2 Rf3
{Houdini Aquarium (0:00:58)  &lt;font color=red&gt;+0.08|d24&lt;/font&gt;  $11}
) 1/2-1/2

[Event "?"]
[Site "?"]
[Date "2012.06.18"]
[Round "?"]
[White "Tomashevsky, Evgeny"]
[Black "Grischuk, Alexander"]
[Result "1/2-1/2"]
[WhiteElo "2738"]
[BlackElo "2761"]
[PlyCount "94"]
[EventDate "2012.??.??"]

1. d4 Nf6 2. c4 g6 3. Nc3 Bg7 4. e4 d6 5. f3 O-O 6. Nge2 c5 7. d5 e6 8. Ng3
exd5 9. cxd5 Nbd7 10. Be2 h5 11. Bg5 Qb6 12. Qb3 {N} (12. Qd2 Nh7 13. Bh4 c4
14. Bxc4 Ne5 15. Be2 Bd7 16. f4 Ng4 17. Bxg4 hxg4 18. Nge2 Nf6 19. Bf2 Qb4 20.
Ng3 Qc4 21. Qe2 {... 1/2-1/2, Gupta Abhijeet (IND) 2625 - Atabayev Maksat (TKM)
2345, Dubai (United Arab Emirates) 2011.04.11}) 12... Qc7 13. O-O Nh7 14. Be3
a6 15. a4 h4 16. Nh1 f5 17. exf5 gxf5 18. Bd2 f4 19. Nf2 Ne5 20. Nce4 Nf6 21.
Nxf6+ Rxf6 22. Ne4 Rf8 23. Kh1 Bd7 24. a5 Rae8 25. Rae1 Bc8 26. Ng5 Qe7 27. Ne6
{?!} (27. Ne4 h3 28. gxh3 Bxh3 29. Rg1 Ng4 30. Bf1 Qxe4 31. Rxg4 Qxe1 32. Rxg7+
Kxg7 33. Bxe1 Bxf1 34. Qxb7+ Kg6 {
&lt;font color=red&gt;+0.55|d19&lt;/font&gt;  $14}) 27... Bxe6 28. dxe6 d5 29.
Bc3 c4 30. Qb6 {?!} (30. Qd1 {&lt;font color=red&gt;-0.21|d20&lt;/font&gt;  $11
}) 30... Qxe6 31. Qxb7 Rf7 32. Qb4 Qc6 33. Bd4 Nd7 34. Bxg7 Rxg7 35. Bd1 Re3
36. Bc2 Qc5 37. Qb7 Nf8 38. Qb6 Qxb6 39. axb6 Rb7 40. Rd1 Re5 {?} (40... Re2
41. Bf5 Rxb6 42. Rxd5 Rbxb2 43. Rd4 c3 44. Rxf4 c2 45. Rg1 Rb1 46. Bxc2 Rxg1+
47. Kxg1 Rxc2 48. Ra4 {&lt;font color=red&gt;-1.55|d22&lt;/font&gt;  $17}) 41.
b3 Re2 42. Rc1 Rxb6 43. bxc4 h3 44. Rfe1 hxg2+ 45. Kg1 Rxe1+ 46. Rxe1 Rc6 47.
Kxg2 Rxc4 {Z0} ({Bd3  Rd4  Bxa6} 47... Ng6 {Be2  Ne7} 48. Rd1 {Rb4  Bd3} Kg7
49. Rb1 {Rxb1  Bxb1} Kh6 50. Kf2 Kg5 {
Houdini Aquarium (0:00:09)  &lt;font color=red&gt;-0.10|d24&lt;/font&gt;  $11})
1/2-1/2

[Event "?"]
[Site "?"]
[Date "2012.06.18"]
[Round "?"]
[White "Aronian, Levon"]
[Black "Caruana, Fabiano"]
[Result "1-0"]
[WhiteElo "2825"]
[BlackElo "2770"]
[PlyCount "107"]
[EventDate "2012.??.??"]

1. d4 Nf6 2. c4 g6 3. f3 d5 4. cxd5 Nxd5 5. e4 Nb6 6. Nc3 Bg7 7. Be3 O-O 8. Qd2
Nc6 9. O-O-O Qd6 10. Kb1 Rd8 11. Nb5 Qd7 12. d5 a6 13. Nc3 (13. dxc6 Qxd2 {
&lt;font color=red&gt;+0.45|d19&lt;/font&gt;  $14}) 13... Qe8 {N} (13... Na5
14. Bd4 Nbc4 15. Qf2 e5 16. Bc5 b6 17. Bb4 c5 18. Bxa5 Nxa5 19. h4 Qd6 20. h5
b5 21. hxg6 hxg6 22. g3 Bd7 23. Rc1 c4 {... 1/2-1/2, Gustafsson Jan (GER) 2631
- Mekhitarian Krikor Sevag (BRA) 2488, Reykjavik (Iceland) 2011.03.16}) 14. Qe1
Ne5 15. Be2 e6 16. Bxb6 cxb6 17. f4 Nd7 18. dxe6 Qxe6 19. Nf3 {?} (19. Bf3 Bxc3
20. Qxc3 Re8 21. Ne2 Nc5 22. e5 Qe7 23. g4 Bd7 24. Qe3 Rad8 25. h4 Ba4 26. b3
Bc6 {&lt;font color=red&gt;+0.52|d23&lt;/font&gt;  $14}) 19... Qe8 {?} (19...
Bxc3 20. Qxc3 Qxe4+ 21. Bd3 Qc6 22. Bc4 Rf8 23. Nd4 Qf6 24. g4 Nc5 25. f5 Bd7
26. fxg6 hxg6 27. Rhf1 {&lt;font color=red&gt;-0.41|d24&lt;/font&gt;  $15}) 20.
Qh4 Bf6 21. Ng5 Nf8 22. Bc4 Kg7 {?!} (22... b5 23. Bb3 Be6 24. Bxe6 fxe6 25. e5
Be7 26. Rc1 Rac8 27. Qh3 b4 28. Nce4 Qd7 29. Qb3 h6 30. Nf3 {
&lt;font color=red&gt;+0.60|d23&lt;/font&gt;  $14}) 23. Qg3 Bxg5 24. fxg5 Be6 {
?!} (24... Rxd1+ 25. Rxd1 Be6 26. Bxe6 Qxe6 27. Qc7 Re8 28. Qxb7 b5 29. a3 Re7
30. Qa8 Rd7 31. Rd5 f6 32. gxf6+ {
&lt;font color=red&gt;+1.03|d24&lt;/font&gt;  $16}) 25. Nd5 Bxd5 26. Bxd5 Rd7
27. h4 Rc8 28. a3 Qd8 {?!} (28... Kg8 29. h5 {
&lt;font color=red&gt;+2.05|d23&lt;/font&gt;  $18}) 29. Qf2 {?!} (29. h5 gxh5
30. Rxh5 Rc5 31. Qe5+ Kg8 32. Qf5 Qe7 33. Rh6 Rc6 34. Rf6 Qe8 35. Rh1 Rcd6 36.
Rf1 Rxf6 {&lt;font color=red&gt;+2.80|d23&lt;/font&gt;  $18}) 29... Ne6 30. Ka2
Qe7 31. Rhf1 {?!} (31. Qxb6 Rcc7 32. Rhf1 Qd6 33. Qf2 Qe5 34. Qf6+ Qxf6 35.
gxf6+ Kf8 36. g4 b5 37. g5 Nc5 38. Rc1 Nd3 {
&lt;font color=red&gt;+1.52|d22&lt;/font&gt;  $16}) 31... b5 32. Rd3 Rcc7 33.
Kb1 {?!} (33. Rh3 {&lt;font color=red&gt;+1.45|d23&lt;/font&gt;  $16}) 33... a5
{?!} (33... Qc5 34. Qf6+ {&lt;font color=red&gt;+0.75|d21&lt;/font&gt;  $16})
34. g4 {?!} (34. h5 Qxg5 35. Rh3 Re7 36. hxg6 hxg6 37. Rfh1 Qf4 38. Rh7+ Kg8
39. Qe1 Ng5 40. R7h4 Qe5 41. Qxa5 Kg7 {
&lt;font color=red&gt;+1.50|d22&lt;/font&gt;  $16}) 34... a4 {?!} (34... b4 35.
Qf6+ Kg8 36. axb4 axb4 37. Qxe7 Rxe7 38. Rb3 Kg7 39. Rxb4 Rcd7 40. Rc4 b6 41.
Kc2 Nc7 42. Bc6 {&lt;font color=red&gt;+0.88|d20&lt;/font&gt;  $16}) 35. Rf3
Qd6 {?} (35... Qc5 {&lt;font color=red&gt;+1.67|d21&lt;/font&gt;  $16}) 36. Rf6
Qc5 37. Qg3 {?!} (37. Qf3 {&lt;font color=red&gt;+3.62|d19&lt;/font&gt;  $18})
37... b4 {?!} (37... Qc2+ 38. Ka1 {
&lt;font color=red&gt;+2.62|d18&lt;/font&gt;  $18}) 38. axb4 {?!} (38. Qe5 Qc2+
39. Ka1 Qc1+ 40. Rxc1 Rxc1+ 41. Ka2 Rxd5 42. Rxg6+ Kf8 43. Qh8+ Ke7 44. Rxe6+
fxe6 45. Qf6+ Ke8 {&lt;font color=red&gt;+3.20|d25&lt;/font&gt;  $18}) 38...
Qc2+ {?} (38... Qd4 39. Bxe6 a3 40. Qxa3 fxe6 41. Qf3 Qd3+ 42. Qxd3 Rxd3 43. h5
Rd8 44. Rxe6 Rf8 45. Rxf8 Kxf8 46. Ka2 {
&lt;font color=red&gt;+2.57|d16&lt;/font&gt;  $18}) 39. Ka1 {?!} (39. Ka2 Rxd5
40. exd5 Qc4+ 41. Kb1 Qc2+ 42. Ka1 a3 43. Qxa3 Nd4 44. d6 Rd7 45. h5 Qc8 46.
h6+ Kg8 {&lt;font color=red&gt;+4.54|d17&lt;/font&gt;  $18}) 39... a3 40. bxa3
Rxd5 {?} (40... Qd2 41. Rxf7+ Rxf7 42. Qe5+ Kg8 43. Bxe6 Rc1+ 44. Rxc1 Qxc1+
45. Ka2 Qc2+ 46. Qb2 Qxe4 47. Bb3 Qxg4 48. Bxf7+ {
&lt;font color=red&gt;+2.26|d22&lt;/font&gt;  $18}) 41. exd5 Nd4 42. Rxf7+ Rxf7
43. Qe5+ Kf8 44. Qb8+ {?!} (44. Qh8+ Ke7 45. Rxf7+ Kxf7 46. Qxh7+ Ke8 47. Qh8+
Kd7 48. Qxd4 Qc1+ 49. Ka2 Qc2+ 50. Qb2 Qe4 51. Qg7+ Kd6 {
&lt;font color=red&gt;+3.68|d22&lt;/font&gt;  $18}) 44... Kg7 45. Rxf7+ {?!} (
45. Qe5+ Kf8 46. Qh8+ Ke7 47. Rxf7+ Kxf7 48. Qxh7+ Ke8 49. Qh8+ Kd7 50. Qxd4
Qc1+ 51. Ka2 Qc2+ 52. Qb2 Qe4 {
&lt;font color=red&gt;+3.68|d21&lt;/font&gt;  $18}) 45... Kxf7 46. Qxb7+ Ke8
47. Qb8+ Kd7 48. Qa7+ Kd6 49. Qxd4 Qc1+ 50. Ka2 Qc2+ 51. Qb2 Qc4+ 52. Ka1 Qxg4
53. Qf2 Kxd5 54. Qc5+ {Z0} ({Ke4  Qc4+  Kf5  Qxg4+  Kxg4} 54. b5 {Kxh4  b6  Kxg
5  a4  Kh4  b7  g5  b8=Q  Kh3  Kb2  Houdini Aquarium (0:00:00)  &lt;font
color=red&gt;+299.80|d24&lt;/font&gt;  $18}) 1-0

[Event "?"]
[Site "?"]
[Date "2012.06.18"]
[Round "?"]
[White "Kramnik, Vladimir"]
[Black "Morozevich, Alexander"]
[Result "1/2-1/2"]
[WhiteElo "2801"]
[BlackElo "2769"]
[PlyCount "143"]
[EventDate "2012.??.??"]

1. Nf3 d5 2. d4 Nf6 3. c4 c6 4. Nc3 e6 5. Bg5 dxc4 6. e4 b5 7. e5 h6 8. Bh4 g5
9. Nxg5 hxg5 10. Bxg5 Be7 11. exf6 Bxf6 12. Bxf6 Qxf6 13. a4 Rh4 14. axb5 Rxd4
15. Qf3 Qxf3 16. gxf3 Bb7 17. Rg1 Nd7 18. Rg8+ Nf8 19. Be2 {N} (19. Rg4 c5 20.
Be2 Ke7 21. Ra4 Nd7 22. Rxc4 Rxc4 23. Rxc4 Ne5 24. Rf4 Rh8 25. h4 Bxf3 26. Ra4
c4 27. Rxa7+ Kd6 28. Bxf3 Nxf3+ 29. Ke2 {... 1-0, Magerramov Elmar (AZE) 2430
- Ivanov Sergey_ (RUS) 2537, Uzhgorod (Ukraine) 1988}) 19... cxb5 20. Nxb5 Rd7
21. h4 f5 22. h5 Kf7 23. Rg3 Bd5 24. O-O-O Rad8 25. Nc3 Bc6 26. Rh1 Kf6 27.
Bxc4 Rh7 28. Kc2 Be8 29. Rgh3 Bf7 30. Rh4 Rc8 31. b3 Nd7 32. Be2 Ne5 33. f4 Nc6
34. Rd1 Rch8 35. Rd7 Be8 36. Rxh7 Rxh7 37. Kd2 Rd7+ 38. Ke1 Nd4 39. Bd1 Kg7 40.
Rh3 Rb7 41. Na4 Bc6 {?!} (41... Kh6 42. Rd3 Rd7 43. Nc5 Rd6 44. b4 Bb5 45. Rg3
Kh7 46. Ra3 Nc6 47. Be2 Bxe2 48. Kxe2 Nxb4 49. Rxa7+ {
&lt;font color=red&gt;+0.32|d28&lt;/font&gt;  $14}) 42. Nc5 Rb5 43. Nd3 Be8 44.
Ne5 Rb4 {?!} (44... Rb8 45. Rg3+ Kh7 46. Kd2 Nb5 47. Be2 Nd6 48. Kc2 Ne4 49.
Rg2 Nf6 50. Bc4 Rb6 51. Nf3 Nxh5 52. Ng5+ {
&lt;font color=red&gt;+0.52|d25&lt;/font&gt;  $14}) 45. Kd2 Nc6 46. Nc4 Ne7 47.
Nd6 Rb8 48. h6+ Kh7 49. Re3 Bd7 50. Nf7 Nd5 51. Rg3 Rg8 52. Rxg8 Kxg8 53. Ng5
Nxf4 54. b4 Bc6 55. Ke3 e5 56. Bb3+ Bd5 57. Bc2 Ba2 {?!} (57... Ne6 58. h7+ Kg7
59. Nf7 Kxh7 60. Bxf5+ Kg7 61. Bxe6 Bxe6 62. Nxe5 Kf6 63. Kd4 a6 64. Nc6 Bh3
65. Kc5 {&lt;font color=red&gt;+0.78|d25&lt;/font&gt;  $16}) 58. b5 {?} (58.
Bxf5 Nd5+ 59. Ke4 Nxb4 60. Kxe5 a5 61. Kd4 Bb3 62. Kc3 Ba2 63. f4 Kh8 64. Bc2
Bg8 65. Be4 Bd5 {&lt;font color=red&gt;+1.79|d28&lt;/font&gt;  $16}) 58... Nd5+
59. Kd2 e4 60. Bd1 Bc4 {?!} (60... Nf4 61. Ke3 Ne6 62. Nxe6 Bxe6 63. Kf4 Bc4
64. Kxf5 Bxb5 65. Bc2 Bd3 66. Bb3+ Kh7 67. Kg5 a5 68. Ba4 {
&lt;font color=red&gt;+0.04|d23&lt;/font&gt;  $11}) 61. Bh5 Nf6 62. Bg6 f4 63.
Bxe4 Nxe4+ 64. Nxe4 Bxb5 65. Ng5 a5 66. Kc3 Be2 67. Kd4 a4 68. Kc3 Bd1 69. Kb4
Kh8 70. Ne6 Kh7 71. Nxf4 Kxh6 72. Nd3 {Z0} ({Kg7  Nf4  Kh6} 72. Ka3 Kg5 73. Nd5
Bb3 74. f4+ Kf5 75. Nb6 Kxf4 76. Nxa4 {
Houdini Aquarium (0:00:01)  &lt;font color=red&gt;+0.00|d24&lt;/font&gt;  $11})
1/2-1/2

[Event "?"]
[Site "?"]
[Date "2012.06.18"]
[Round "?"]
[White "Nakamura, Hikaru"]
[Black "Radjabov, Teimour"]
[Result "1/2-1/2"]
[WhiteElo "2775"]
[BlackElo "2784"]
[PlyCount "77"]
[EventDate "2012.??.??"]

1. e4 c5 2. Nf3 Nc6 3. Bb5 e6 4. b3 Nge7 5. O-O a6 6. Bxc6 Nxc6 7. Bb2 b6 8.
Qe2 {N} (8. d4 cxd4 9. Nxd4 Qf6 10. Bc3 Qg6 11. Nxc6 dxc6 12. Nd2 b5 13. Re1
Bb7 14. Nf3 Rd8 15. Qe2 Be7 16. Ba5 Rb8 17. Rad1 Qh5 18. Qd2 O-O 19. Qd7 {
... 1-0, Dolmatov Sergey (RUS) 2565 - Galliamova Alisa (RUS) 2445, Novgorod
(Russia) 1997}) 8... Bb7 9. Rd1 Qc7 10. c3 Ne5 11. Nxe5 Qxe5 12. d3 d5 13. Nd2
Bd6 14. g3 Be7 15. d4 cxd4 16. cxd4 Qc7 17. Rac1 Qd7 18. e5 O-O 19. Nb1 b5 20.
Nc3 Bc6 21. Qg4 f5 22. exf6 Rxf6 23. Ne2 Bd6 24. Rc2 b4 25. Nc1 Bb5 26. Nd3
Bxd3 {?!} (26... Raf8 27. Ne5 Qa7 28. Kh1 h5 29. Qh3 Rf5 30. Rdd2 Re8 31. Qg2
a5 32. f4 a4 33. Rc1 a3 34. Ba1 {
&lt;font color=red&gt;-0.50|d23&lt;/font&gt;  $15}) 27. Rxd3 Rc8 28. Rdd2 Rff8
29. Qe2 Rxc2 30. Rxc2 Rc8 31. Bc1 Rxc2 32. Qxc2 Qe8 33. f4 g6 34. Be3 Kf7 35.
Kg2 Qd7 36. Bf2 Be7 37. Be3 Bd6 38. Bf2 Be7 39. Be3 {Z0} ({Qb5} 39. h3 {
Qb6  Kf3} Qb5 {Kg2  Qb6  Houdini Aquarium (0:00:03)  &lt;font color=red&gt;+0.
00|d25&lt;/font&gt;  $11}) 1/2-1/2

[Event "?"]
[Site "?"]
[Date "2012.06.18"]
[Round "?"]
[White "McShane, Luke J"]
[Black "Carlsen, Magnus"]
[Result "0-1"]
[WhiteElo "2706"]
[BlackElo "2835"]
[PlyCount "80"]
[EventDate "2012.??.??"]

{Qh4  Qxe4+  Qxe4  Rxe4  Nf2  Rxe1+  Rxe1  e4  Kg2  Ne5  Nh3  Rd8  Nf4  Kg7 
Re2  Nd3  Houdini Aquarium (0:02:09)  &lt;font color=red&gt;-8.54|d21&lt;/
font&gt;  $19} 1. e4 e5 2. Nf3 Nc6 3. Bb5 a6 4. Ba4 Nf6 5. O-O Be7 6. Bxc6 dxc6
7. d3 Nd7 8. b3 O-O 9. Bb2 f6 10. Nc3 Re8 {N} (10... Nc5 11. Ne2 Rf7 12. Nh4
Ne6 13. Nf5 Bf8 14. Qd2 c5 15. f4 Nxf4 16. Nxf4 Bxf5 17. exf5 exf4 18. Qxf4 Qd6
{... 1/2-1/2, Chiburdanidze Maia (GEO) 2495 - Xie Jun (CHN) 2465, Manila
(Philippines) 1991}) 11. Kh1 Nf8 12. Ne2 c5 13. Nh4 Ne6 14. Nf5 Bf8 15. Ne3 Nd4
16. f4 Be6 17. fxe5 fxe5 18. Ng1 g6 19. c3 Nc6 20. Nf3 Bg7 21. Qe1 a5 22. Rd1
a4 23. bxa4 Rxa4 24. a3 Rf8 25. Bc1 Ra8 26. Qg3 Bb3 27. Rde1 {?!} (27. Rd2 Bh6
28. Qe1 b6 29. Rb2 Be6 30. Qe2 Qd7 31. Rc2 Bf4 32. Rd2 Bb3 33. Rf2 Bh6 34. Bb2
Qd6 {&lt;font color=red&gt;-0.75|d25&lt;/font&gt;  $17}) 27... Qxd3 28. Ng4 Be6
29. Nh6+ {?!} (29. Qh4 Rad8 30. Nf2 Qd7 31. Bg5 Ra8 32. Rd1 Qc8 33. Bc1 Bc4 34.
Rfe1 Bb3 35. Rd2 b6 36. h3 Rd8 {
&lt;font color=red&gt;-1.28|d21&lt;/font&gt;  $17}) 29... Kh8 30. Qh4 Bf6 31.
Bg5 Bxg5 32. Qxg5 Kg7 33. Qc1 Rf4 {?} (33... Qd6 34. h4 Qe7 35. Ng5 Rxf1+ 36.
Rxf1 Bc4 37. Rf2 Rf8 38. Ng4 Rxf2 39. Nxf2 Qf8 40. Qd2 Qd6 41. Qe3 {
&lt;font color=red&gt;-1.59|d20&lt;/font&gt;  $17}) 34. Rd1 {?} (34. Ng5 Qd6 {
&lt;font color=red&gt;-0.75|d21&lt;/font&gt;  $17}) 34... Qc4 35. Rfe1 Raf8 36.
Ng5 {?} (36. Nf5+ Bxf5 37. exf5 R4xf5 38. Rd7+ R5f7 39. Rdd1 b6 40. h3 h6 41.
Qc2 Rf4 42. Re3 R8f7 43. Rde1 Re7 {
&lt;font color=red&gt;-1.88|d18&lt;/font&gt;  $17}) 36... Bc8 37. g3 Rf2 38.
Nf5+ gxf5 39. Nh3 Re2 40. Qg5+ Kh8 {Z0} () 0-1